000 00792nam a2200217 a 4500
001 000033920
005 20260305073958.0
008 110914s1994 000 spa d
040 _aDO-SdBNP
_bspa
_cBNPHU
041 1 7 _aspa
_heng
082 _axxxx
_bG377o
100 1 _aGerón, Candido,
_d1948-
_93577
245 1 0 _aObras maestras de la pintura dominicana=Masterpieces of dominican painting. /
_cCándido Gerón ; traducción Altagracia Amelia Cabral ; fotografía Ricardo Thorman.
246 0 3 _aMasterpieces of dominican painting
260 _aSanto Domingo :
_bCorripio,
_c1994.
300 _av. :
_bil. retr. ;
_c33 cm.
500 _aLa biblioteca posee los volumenes 3 y 4
700 1 _aCabral , Altagracia Amelia
_etr.
_943780
700 1 _aThorman , Ricardo
_959363
049 _aBNPD
999 _c33411
_d33411